|
|
|
|
| LEADER |
00000nab a2200000 a 4500 |
| 001 |
vtls000769317 |
| 003 |
SK-MaSNL |
| 005 |
20260304124314.0 |
| 008 |
250429c2001 xo 0 slo |
| 015 |
|
|
|a SNBRB2001/10-27519
|
| 035 |
|
|
|a CLN000121104
|
| 035 |
|
|
|a urn:nbn:sk:snk-ab73ym
|
| 035 |
|
|
|a (uuid)2e9658e2-e96f-4d88-8ea3-4d0f8de16e6d
|
| 035 |
|
|
|a (urnnbn)urn:nbn:sk:snk:ar-a06sg7
|
| 035 |
|
|
|a (sysno)vtls000769317
|
| 040 |
|
|
|a SNKBUCL
|b slo
|c SNKBUCL
|e AACR2
|
| 041 |
0 |
|
|a slo
|
| 044 |
|
|
|a xo
|c SK
|
| 080 |
|
|
|a 336.2.027.55:658.155
|2 1997
|
| 080 |
|
|
|a 658.155
|2 1997
|
| 080 |
|
|
|a 657.44
|2 1997
|
| 100 |
1 |
|
|a Slimáková, Mária
|4 aut
|9 296946
|
| 245 |
1 |
0 |
|a Manká a škody - daňovouznateľné a neuznateľné náklady
|c Mária Slimáková
|
| 650 |
0 |
7 |
|a dane z príjmov
|x základ dane
|x manká
|x škody
|x odpočet
|2 snkbucl
|9 1239470
|
| 650 |
0 |
7 |
|a manká
|2 snkbucl
|9 444408
|
| 650 |
0 |
7 |
|a škody
|2 snkbucl
|9 276699
|
| 650 |
0 |
7 |
|a účtovníctvo
|2 snkbucl
|9 649
|
| 655 |
|
7 |
|a články z novín a časopisov
|2 snkbucl
|9 267496
|
| 773 |
0 |
|
|t Dane a účtovníctvo v praxi
|g Roč. 6, č. 8 (2001), s. 44-46
|x 1335-7034
|
| 850 |
|
|
|a Slovenská národná knižnica
|
| 852 |
|
|
|a Slovenská národná knižnica
|
| 954 |
|
|
|a odborná, vedecká literatúra pôvodná (slovenská)
|2 lita
|
| 958 |
|
|
|a article27
|
| 958 |
|
|
|a OND
|
| 958 |
|
|
|a EUIPO
|
| 992 |
|
|
|a RBX
|
| 999 |
|
|
|c 2891069
|d 2892999
|